LotR characters by their last words - Movie Version - Statistics

General Stats
  • This quiz has been taken 132 times
  • The average score is 6 of 10
Answer Stats
Hint Answer % Correct
"Yes! Yes! Precious! My precious!" Gollum
100%
"I would have followed you, my brother, my captain, my king." Boromir
94%
"I go to my fathers, in whose mighty company I shall not now feel ashamed. Eowyn." Theoden
86%
"No! You will not take my son from me! Faramir..." Denethor
82%
"You fool! No man can kill me. Die now!" The Witchking
77%
"You withdraw your guard and I will tell you where your doom will be decided. I will not be held prisoner here!" Saruman
55%
"No. Ah!" Grima
23%
"Go on. Call for help. Squeal. No one is going to save you now." Grishnakh
23%
"I'm going to bleed you like a stuck pig!" Shagrat
21%
"Why?" Deagol
5%
No matching quizzes found
Score Distribution
Percent of People with Each Score
Percentile by Number Answered
Your Score History
You have not taken this quiz